|
|
|
|
| LEADER |
01377nam a2200337 a 4500 |
| 001 |
12345446 |
| 008 |
090824s2002 mau b 001 0 eng d |
| 010 |
|
|
|a 2001030664
|
| 020 |
|
|
|a 0072402822
|
| 020 |
|
|
|a 0072402822 (alk. paper)
|
| 040 |
|
|
|a DLC
|c DLC
|d DLC
|
| 082 |
0 |
0 |
|a 519.5
|2 21
|
| 100 |
1 |
|
|a Lind, Douglas A.
|
| 245 |
1 |
0 |
|a Statistical techniques in business & economics /
|c Douglas A. Lind, William G. Marchal, Robert D. Mason.
|
| 246 |
3 |
|
|a Statistical techniques in business and economics
|
| 250 |
|
|
|a 11th ed.
|
| 260 |
|
|
|a Boston :
|b McGraw-Hill,
|c 2002.
|
| 300 |
|
|
|a xviii, 830 p. :
|b col. ill. ;
|c 26 cm.
|
| 490 |
1 |
|
|a McGraw-Hill/Irwin series. Operations and decision sciences
|
| 500 |
|
|
|a Mason's name appears first on the earlier edition.
|
| 504 |
|
|
|a Includes bibliographical references and index.
|
| 650 |
|
0 |
|a Social sciences
|x Statistical methods.
|
| 650 |
|
0 |
|a Economics
|x Statistical methods.
|
| 650 |
|
0 |
|a Commercial statistics.
|
| 700 |
1 |
|
|a Marchal, William G.
|
| 700 |
1 |
|
|a Mason, Robert Deward,
|d 1919-
|
| 830 |
|
0 |
|a Irwin/McGraw-Hill series in operations and decision sciences.
|
| 852 |
4 |
|
|a Ayesha Abed Library
|j General shelf
|
| 942 |
0 |
0 |
|0 2
|
| 999 |
|
|
|c 3388
|d 3388
|
| 952 |
|
|
|0 0
|1 0
|2 ddc
|4 0
|6 519_500000000000000_LIN
|7 0
|9 3076
|a BRACUL
|b BRACUL
|c GEN
|d 2009-08-31
|g 2130.00
|l 19
|m 187
|o 519.5 LIN
|p 3010012124
|r 2025-10-29
|s 2025-10-08
|t 1
|w 2009-08-31
|y BK
|